000 00959nkm a2200325 c 4500
999 _c210287
_d210287
003 BLK
005 20200429111928.0
008 180412b bul rap|r|||| r0| ||bulo|
010 _aKNG00163813000
020 _a5-7300-0184-3
040 _aBLK
041 _aENG
_cENG
080 _aЖивопис
_b75
_x(510)
_z75(510)
139 _aChinese Popular Prints
_bЧ 15
_fС 52
_gЧ 15
245 1 0 _aChinese Popular Prints
257 _aSUN
260 _bAurora
_c1988
300 _a15 p., 189 p.
_bill.
_c29 cm
380 _a7
650 4 _aЖивопис
_9155358
650 4 _aЖивопис, китайска
_9352375
651 4 _aКитай
_9242505
653 _aживопис
653 _aКитай
852 _aЦб Гр А ІІ 3583
856 4 _qpdf
_u
856 4 _qpdf
_u
942 _cGRA
_n0
_s1
944 _aCR
_c25.07.2014
_l25.07.2014 - от С1,Р / 25.07.2014
_kКамелия_Данева
944 _aED
_c25.07.2014
_l25.07.2014 - от С1,Р / 25.07.2014
999 _d210287
999 _d210287